01023cam a22002891 4500001001300000003000400013005001700017008004100034010001700075025001900092035002000111040001900131041001100150042001200161050001900173082001000192100003500202245016800237260005700405300003300462500002200495500006500517504003100582600004200613740006100655999001700716sa 67000415 DLC20260227112314.0860314s1965 xx c b 000 0 eng  asa 67000415  aPL480:I-E-6364 a(OCoLC)13296090 aDLCcNBuUdDLC0 aengtam apremarc00aBL1175.N26bB3 a181.41 aBalasubramaniam, K. M.,d1908-14aThe life of J. M. Nallaswami Pillai;bthe centenary memorial to a champion of Saiva siddhanta,cby K. M. Balasubramaniam. With a foreword by Suddhananda Bharatiar. a[Annamalainagar?]bJ. M. Somasundaram Pillai,c1965. axiii, 152 p.bports.c22 cm. aEnglish or Tamil. a"Chronological list of J. M. N. Pillai's writings": p. [150] aBibliographical footnotes.20aNallaswami Pillai, J. M.,d1864-1920.4 aThe centenary memorial to a champion of Saiva siddhanta. c71973d71973